01575nam a2200241Ia 450000100060000000300090000600800410001504000130005604000130006904100130008210000180009510000290011324500600014224500600020225000110026226000090027326000200028226000490030230000570035150008730040865000210128165000310130276526IT-RoPAU130308s9999 xx 000 0 und d aIT-RoPAU cIT-RoPAU aITALIANO aGaltieri Gino gCodice Aut. SPICS: 6302 aProtezione del diritto di autore e dei diritti connessi bProtezione del Diritto di Autore e dei Diritti Connessi a2a ed. aROMA bSapere 2000 Srl c1989 [1° Ed.:1988 - Ed.Ling.Originale:1988] a"360 p. (prefazione: no ; testo: 360 [pagine: 0-0])" aDiritto di Autore nella legislazione Italiana Opere Protette Oggetto di Diritto soggetti del Diritto Diritti Esclusivi di utilizzazione Economica Disposizioni particolari per Alcune Categorie di Opere Durata dei Diritti Patrimoniali Limitazioni dei Diritti Patrimoniali dell'Autore Trasmissione dei Diritti Patrimoniali Difese e sanzioni a tutela del Diritto di Autore Diritto di Autore e nuove tecnologie di Riproduzione e Diffusione Diritti connessi nella legislazione Italiana Contenuto dei Diritti connessi Diritto di Autore nelle convenzioni internazionali Organizzazioni internazionali Convenzione di Berna Diritti connessi nelle convenzioni internazionali Convenzione di Roma Sui Diritti connessi Accordi Europei in materia di Radiodiffusioneorganizzazione Amministrativa del Diritto di Autore vigilanza Sulla Siae leggi e Decreti Italiani Sul Diritto di Autore aDIRITTO GENERALE eCodice materia Spics: 4601